000 00922cam a2200253 4500
001 ABS64427
008 010905n2001 000 0 eng u
035 _a(Sirsi) u114437
100 _aBox, J
245 _aSustainability, biodiversity, and land use planning
260 _c2001
490 _aTown & Country Planning
_v70(7&8) July/August 2001, 210-212(3)
520 _aStudies the approach taken by Telford towards its inter-linked open areas or 'Green Network' that helps provide sustainable patterns of development, as Telford protects the Green Network yet still remains a regional growth point.
590 _aABS
650 _aSUSTAINABLE DEVELOPMENT
650 _aTELFORD
650 _aLAND USE PLANNING
650 _aBIODIVERSITY
650 _aLANDSCAPING
690 _aENVIRONMENTAL AND LAND CONSULTANCY-PLANNING AND DEVELOPMENT
700 _aCossons, V
700 _aMcKelvey, J
942 _n0
999 _c68162
_d68162